[Event "UAE President Cup"]
[Site "Abu Dhabi"]
[Date "2012.07.04"]
[Round "8"]
[White "Humaid, Abdulla Ali"]
[Black "Alan Ibrahim, Ahmed"]
[Result "1/2-1/2"]
[WhiteElo "1666"]
[BlackElo "1789"]
[PlyCount "60"]
[EventDate "2012.06.28"]
[EventType "swiss"]
[EventRounds "9"]
[EventCountry "UAE"]
[SourceTitle "CBM 149 Extra"]
[Source "ChessBase"]
[SourceDate "2012.08.24"]
[SourceVersion "1"]
[SourceVersionDate "2012.08.24"]
[SourceQuality "1"]

1. c4 e5 2. Nc3 Nf6 3. g3 Nc6 4. Bg2 Bc5 5. e3 0-0 6. Nge2 Re8 7. 0-0 e4 8. a3 a5 9. Qc2 Qe7 10. Nd5 Nxd5 11. cxd5 Nb8 12. Nc3 f5 13. d4 exd3 14. Qxd3 d6 15. Re1 Qf7 16. Bd2 Nd7 17. Ne2 a4 18. Nd4 g6 19. Bc3 Nf6 20. Nc2 Ne4 21. Rad1 Nxc3 22. bxc3 Bd7 23. c4 Re7 24. Nd4 Bxd4 25. Qxd4 b6 26. h4 Rae8 27. Re2 Qg7 28. Qd3 Qf6 29. Qc2 Re5 30. Rde1 R8e7 1/2-1/2

[Event "UAE President Cup"]
[Site "Abu Dhabi"]
[Date "2012.07.03"]
[Round "7"]
[White "Alan Ibrahim, Ahmed"]
[Black "Saleh, Naif"]
[Result "0-1"]
[WhiteElo "1789"]
[BlackElo "1790"]
[PlyCount "48"]
[EventDate "2012.06.28"]
[EventType "swiss"]
[EventRounds "9"]
[EventCountry "UAE"]
[SourceTitle "CBM 149 Extra"]
[Source "ChessBase"]
[SourceDate "2012.08.24"]
[SourceVersion "1"]
[SourceVersionDate "2012.08.24"]
[SourceQuality "1"]

1. d4 d5 2. c4 e6 3. Nf3 c6 4. e3 Nf6 5. Nc3 Nbd7 6. Qc2 Bd6 7. Bd2 0-0 8. 0-0-0 dxc4 9. Bxc4 b5 10. Bd3 g6 11. h3 a6 12. e4 e5 13. dxe5 Nxe5 14. Nxe5 Bxe5 15. f4 Bd4 16. g4 c5 17. f5 c4 18. Be2 Qb6 19. h4 Bb7 20. h5 Bxc3 21. Qxc3 Nxe4 22. Qe5 Nxd2 23. hxg6 fxg6 24. fxg6 Qxg6 0-1